00000000nam##2200000za#4500
0019.591213
003CaOODSP
00520210624200522
007cr |||||||||||
008150406|2002||||xxc|||||o    f|0| 0 fre|d
020 |a0-662-88397-7
040 |aCaOODSP|bfre
043 |an-cn---
0861 |aMP32-28/02-3-2F-IN
1101 |aCanada.|bDéveloppement des ressources humaines Canada. |bDirection générale de la recherche appliquée.
24510|aEffet des changements dans la situation d'emploi de la mère et la composition de la famille sur le comportement de l'enfant / |h[ressource électronique]|cpar Paul Roberts.
260 |aOttawa - Ontario : |bDéveloppement des ressources humaines Canada. |c2002.
300 |a66p.|btableaux
4901 |aDocument de travail|vW-02-3-2F
500 |aMai 2002.
504 |aBibliographie.
590 |a06-10-Supp|b2006-12-15
69107|aComportement|2gcpds
69107|aEmploi|2gcpds
69107|aEnfant|2gcpds
69107|aFamille|2gcpds
69107|aParent|2gcpds
69107|aTravailleuse|2gcpds
77508|tThe effect of changes in maternal employment and family composition on children's behaviour / |w(CaOODSP)9.558231
830#0|aDocument de travail ;|vW-02-3-2F|w(CaOODSP)9.500896
85640|ahttp://publications.gc.ca|qPDF|s521 Ko|uhttps://publications.gc.ca/collections/Collection/MP32-28-02-3-2F.pdf|yW-02-3-2F